Análisis del desempeño de material de base en carreteras de Costa Rica basado en sus propiedades hidráulicas
Shranjeno v:
| Glavni avtor: | |
|---|---|
| Format: | Knjiga |
| Izdano: |
[San José], Costa Rica
2010
|
| Teme: | |
| Oznake: |
Označite
Brez oznak, prvi označite!
|
MARC
| LEADER | 00000nam a2200000Ia 4500 | ||
|---|---|---|---|
| 003 | 010217 | ||
| 005 | 20221231144032.0 | ||
| 008 | 140114s2010 cr a 000 ||s d | ||
| 040 | |c cru CEDI | ||
| 090 | |a TFG 6271 | ||
| 100 | |a Solis Madrigal, Marcos |9 2798 | ||
| 245 | |a Análisis del desempeño de material de base en carreteras de Costa Rica basado en sus propiedades hidráulicas | ||
| 260 | |c 2010 |b [San José], Costa Rica | ||
| 500 | |a Proyecto de graduación (licenciatura en ingeniería civil)--Universidad de Costa Rica. Facultad de Ingeniería. Escuela de Ingeniería Civil | ||
| 650 | |x MATERIALES PARA CARRETERAS |x PRUEBAS |x RESISTENCIA DE MATERIALES |x ENSAYO DINAMICO DE MATERIALES |x PERMEABILIDAD DE SUELOS |x CONSTRUCCION DE CARRETERAS |x CONTRATOS Y ESPECIFICACIONES |x NORMAS |x COSTA RICA |9 2799 | ||
| 942 | |c TFG | ||
| 999 | |c 15933 |d 15933 | ||
